000 00654cam a22002293a 4500
001 26652
003 PGUSA
005 20140828083556.0
008 080918s2008||||xxu|||||s|||||000 | eng d
040 _aPGUSA
_beng
042 _adc
050 4 _aBX
100 1 _aHoward, Thomas Henry,
_d1849-1923
245 1 0 _aStandards of Life and Service
_h[electronic resource] /
_cThomas Henry Howard
260 _bProject Gutenberg,
_c2008
506 _aPublic domain in the USA.
516 _aElectronic text
653 _aSalvation Army -- Doctrines
830 0 _aProject Gutenberg
_v26652
856 4 0 _uhttp://www.gutenberg.org/ebooks/26652
942 _cEB
999 _c255907
_d255907